LEADER 01320nam--2200409---450- 001 990002463230203316 005 20090715164420.0 010 $a88-15-10201-9 035 $a000246323 035 $aUSA01000246323 035 $a(ALEPH)000246323USA01 035 $a000246323 100 $a20050830d2004----km-y0itay0103----ba 101 $aita 102 $aIT 105 $a||||||||001yy 200 1 $aIlleciti atipici$el'abuso del diritto, la frode alla legge, lo sviamento di potere$fManuel Atienza, Juan Ruiz Manero 210 $aBologna$cIl Mulino$dcopyr. 2004 215 $a145 p.$d22 cm 225 2 $aRicerca$iDiritto 300 $aEd. italiana a cura di Michele Taruffo. - Trad. di Valentina Carnevale 410 0$12001$aRicerca$iDiritto 454 1$12001$aIlicitos atipicos$950206 606 0 $aIllecito civile 676 $a346.4603 700 1$aATIENZA,$bManuel$0285133 701 1$aRUIZ MANERO,$bJuan$0285134 801 0$aIT$bsalbc$gISBD 912 $a990002463230203316 951 $aXXV.1.K 121 (IG I 2281)$b47025 G.$cXXV.1.K 121 (IG I)$d00179861 959 $aBK 969 $aGIU 979 $aMARIASEN$b90$c20050830$lUSA01$h1457 979 $aMARIASEN$b90$c20050916$lUSA01$h1055 979 $aRSIAV4$b90$c20090715$lUSA01$h1644 996 $aIlicitos atipicos$950206 997 $aUNISA LEADER 03183nam 22006253u 450 001 9910455856903321 005 20210106224943.0 010 $a0-8330-3368-9 035 $a(CKB)111087028057508 035 $a(EBL)227776 035 $a(OCoLC)475934996 035 $a(SSID)ssj0000219548 035 $a(PQKBManifestationID)12095127 035 $a(PQKBTitleCode)TC0000219548 035 $a(PQKBWorkID)10247622 035 $a(PQKB)10960827 035 $a(MiAaPQ)EBC227776 035 $a(EXLCZ)99111087028057508 100 $a20130418d2002|||| u|| | 101 0 $aeng 181 $ctxt 182 $cc 183 $acr 200 14$aThe People's Liberation Army as Organization$b[electronic resource] 210 $aSanta Monica $cRAND Corporation$d2002 215 $a1 online resource (643 p.) 225 0 $aConference proceedings The People's Liberation Army as organization 300 $aDescription based upon print version of record. 311 $a0-8330-3303-4 327 $aFigures; Tables; Editor's Note; Acknowledgments; Glossary; 1. Introduction to the PLA's Administrative and Operational Structure; 2. The Central Military Commission and Military Policy in China; 3. The Pinnacle of the Pyramid: The Central Military Commission; 4. The General Staff Department of the Chinese People's Liberation Army: Organization, Roles, & Missions; 5. The General Political Department and the Evolution of the Political Commissar System; 6. The People's Liberation Army (PLA) General Logistics Department (GLD): Toward Joint Logistics Support; 7. The General Armament Department 327 $a8. PLA Ground Forces: Moving Toward a Smaller, More Rapidly Deployable, Modern Combined Arms Force 9. PLA Air Force Organization; 10. The Organization of the People's Liberation Army Navy (PLAN); 11. The Chinese Second Artillery Corps: Transition to Credible Deterrence; 12. The Institutional Lessons Of Disaster: Reorganizing The People's Armed Police After Tiananmen 330 $aThis work presents the results of a conference that brought together experts to evaluate issues of structure and process in the People's Liberation Army. 606 $aChina -- Armed Forces -- Congresses 606 $aChina -- Military policy -- Congresses 606 $aChina -- Politics and government -- 1976-2002 -- Congresses 606 $aChina. Zhongguo ren min jie fang jun -- Congresses 608 $aElectronic books. 615 4$aChina -- Armed Forces -- Congresses. 615 4$aChina -- Military policy -- Congresses. 615 4$aChina -- Politics and government -- 1976-2002 -- Congresses. 615 4$aChina. Zhongguo ren min jie fang jun -- Congresses. 676 $a355 676 $a355/.00951 700 $aMulvenon$b James C$0931148 701 $aYang$b Andrew N.D$0931149 712 02$aCenter for Asia-Pacific Policy (Rand Corporation) 712 02$aChinese Council of Advanced Policy Studies 712 02$aRand Corporation 801 0$bAU-PeEL 801 1$bAU-PeEL 801 2$bAU-PeEL 906 $aBOOK 912 $a9910455856903321 996 $aThe People's Liberation Army as Organization$92094771 997 $aUNINA